LEADER 01183nam a2200253 i 4500 001 000000034284 003 CaOOAMICUS 005 20250620111541.0 008 080306s1961 it u000 u ita u 013 $a456 040 $aSeMil$bita 245 10$aProse filologiche :$bla questione della lingua /$cA cura di Francesco Foffano ; Nuova presentazione di Franca Ageno. 260 $aFirenze :$bSansoni,$cstampa 1961. 300 $aXVIII, XXII, 118 p. ;$c21 cm. 500 $aContiene : Bibliografia delle principali opere riferentisi alla questione della lingua. 650 4$aLingua italiana - Storia - Questione della lingua.$0(OLS)http://semarc/subject/5756 650 4$aFilologia moderna - Italia.$0(OLS)http://semarc/subject/57668 700 1 $aBrambilla Ageno, Franca,$d<1913-1995>.$0(OLS)http://semarc/name/16420 700 1 $aFoffano, Francesco.$0(OLS)http://semarc/name/8373 850 $aSeMil 852 $aSeMil$W1$xVenegono$y1$m1S V 62$j439$B439$CSeMilBibl$Z2$F439 $81 996 $6245$aProse filologiche :$bla questione della lingua$9(OLS)http://semarc/title/46292 996 $6260$aFirenze :$bSansoni$9(OLS)http://semarc/publisher/29843 LEADER 00838nam a2200217 i 4500 001 000000200940 003 CaOOAMICUS 005 20110415000000.0 008 110415n it u000 u ita u 013 $a179641 040 $aSeMil$bita 100 1 $aCalzi, Carlo.$0(OLS)http://semarc/name/41531 245 10$aDi alcune nuove opere storiche di autori francesi /$cCarlo Calzi. 260 $a[S.l. :$bs.n.,$c189?] 300 $aP. [557]-611 ;$c24 cm. 500 $aEstratto da ĞLa rassegna nazionaleğ, vol. 73. 773 0 $t[Miscellanea politica.$w()24769 850 $aSeMil 852 $aSeMil$W1$xVenegono$y1$m5A II 25/15 FA$j151469$B151469$CSeMilBibl$Z2$F162689 $8I 996 $6245$aDi alcune nuove opere storiche di autori francesi$9(OLS)http://semarc/title/290697 996 $6260$a[S.l. :$bs.n.$9(OLS)http://semarc/publisher/31686